<?xml version="1.0" encoding="UTF-8"?>
<record
    xmlns:xsi="http://www.w3.org/2001/XMLSchema-instance"
    xsi:schemaLocation="http://www.loc.gov/MARC21/slim http://www.loc.gov/standards/marcxml/schema/MARC21slim.xsd"
    xmlns="http://www.loc.gov/MARC21/slim">

  <leader>01306cas a2200313 i 4500</leader>
  <controlfield tag="001">000037525</controlfield>
  <controlfield tag="003">DO-SdBNP</controlfield>
  <controlfield tag="005">20251003121012.0</controlfield>
  <controlfield tag="007">ta</controlfield>
  <controlfield tag="008">120423c2011    dr ar1p|dd   ||   |0spa d</controlfield>
  <datafield tag="040" ind1=" " ind2=" ">
    <subfield code="a">DO-SdBNP</subfield>
    <subfield code="b">spa</subfield>
    <subfield code="c">BNPHU</subfield>
    <subfield code="e">rda</subfield>
  </datafield>
  <datafield tag="041" ind1=" " ind2=" ">
    <subfield code="h">spa</subfield>
  </datafield>
  <datafield tag="043" ind1=" " ind2=" ">
    <subfield code="a">nwdr</subfield>
  </datafield>
  <datafield tag="245" ind1="0" ind2="0">
    <subfield code="a">Revista educaci&#xF3;n superior, ciencia y tecnolog&#xED;a :</subfield>
    <subfield code="b">revista educativa del Ministerio de Educaci&#xF3;n Superior, Ciencia y Tecnolog&#xED;a /</subfield>
    <subfield code="c">Ministerio de Educaci&#xF3;n Superior, Ciencia y Tecnolog&#xED;a.</subfield>
  </datafield>
  <datafield tag="260" ind1=" " ind2=" ">
    <subfield code="f">RB publicidad</subfield>
  </datafield>
  <datafield tag="264" ind1=" " ind2=" ">
    <subfield code="a">Santo Domingo, Rep&#xFA;blicaDominicana :</subfield>
    <subfield code="b">Ministerio de Educaci&#xF3;n Superior, Ciencia y Tecnolog&#xED;a, MESCYT.,</subfield>
    <subfield code="c">2011.</subfield>
  </datafield>
  <datafield tag="300" ind1=" " ind2=" ">
    <subfield code="a">volumen :</subfield>
    <subfield code="b">ilustraciones, gr&#xE1;ficas, tablas ;</subfield>
    <subfield code="c">22 cm.</subfield>
  </datafield>
  <datafield tag="310" ind1=" " ind2=" ">
    <subfield code="a">Anual</subfield>
  </datafield>
  <datafield tag="336" ind1=" " ind2=" ">
    <subfield code="a">texto</subfield>
    <subfield code="b">txt</subfield>
    <subfield code="2">rdacontent</subfield>
  </datafield>
  <datafield tag="337" ind1=" " ind2=" ">
    <subfield code="a">sin mediaci&#xF3;n </subfield>
    <subfield code="b">n </subfield>
    <subfield code="2">rdamedia</subfield>
  </datafield>
  <datafield tag="338" ind1=" " ind2=" ">
    <subfield code="a">volumen </subfield>
    <subfield code="b">nc </subfield>
    <subfield code="0">rdacarrier</subfield>
  </datafield>
  <datafield tag="362" ind1="1" ind2=" ">
    <subfield code="a">A&#xF1;o.1: no.5 (2011).</subfield>
  </datafield>
  <datafield tag="500" ind1=" " ind2=" ">
    <subfield code="a">Catalogaci&#xF3;n basada en: A&#xF1;o.1: no.5, (2011).</subfield>
  </datafield>
  <datafield tag="500" ind1=" " ind2=" ">
    <subfield code="a">Edici&#xF3;n: 2011, Luz Alm&#xE1;nzar Rodr&#xED;guez.</subfield>
  </datafield>
  <datafield tag="650" ind1=" " ind2="0">
    <subfield code="a">Educaci&#xF3;n superior</subfield>
    <subfield code="v">Publicaciones peri&#xF3;dicas</subfield>
    <subfield code="z">Rep&#xFA;blica Dominicana</subfield>
    <subfield code="9">63982</subfield>
  </datafield>
  <datafield tag="700" ind1="1" ind2=" ">
    <subfield code="a">Alm&#xE1;nzar Rodr&#xED;guez, Luz,</subfield>
    <subfield code="e">editor.</subfield>
    <subfield code="9">56217</subfield>
  </datafield>
  <datafield tag="710" ind1="1" ind2=" ">
    <subfield code="a">Rep&#xFA;blica Dominicana</subfield>
    <subfield code="b">Ministerio de Educaci&#xF3;n Superior, Ciencia y Tecnolog&#xED;a</subfield>
    <subfield code="9">56809</subfield>
  </datafield>
  <datafield tag="942" ind1=" " ind2=" ">
    <subfield code="2">ddc</subfield>
    <subfield code="c">ISSUE</subfield>
  </datafield>
  <datafield tag="952" ind1=" " ind2=" ">
    <subfield code="0">0</subfield>
    <subfield code="1">0</subfield>
    <subfield code="2">ddc</subfield>
    <subfield code="5">6</subfield>
    <subfield code="7">0</subfield>
    <subfield code="8">SE</subfield>
    <subfield code="a">PD</subfield>
    <subfield code="b">PD</subfield>
    <subfield code="d">2015-07-10</subfield>
    <subfield code="e">4</subfield>
    <subfield code="h">A&#xF1;o.1: volumen 1</subfield>
    <subfield code="i">201512302015123020150710</subfield>
    <subfield code="l">0</subfield>
    <subfield code="o"> </subfield>
    <subfield code="p">37525-1-1-1</subfield>
    <subfield code="r">2020-08-08</subfield>
    <subfield code="t">e.1</subfield>
    <subfield code="w">2020-08-08</subfield>
    <subfield code="y">ISSUE</subfield>
    <subfield code="z">Edici&#xF3;n especial: 1er. concurso minificci&#xF3;n ciudad del Ozama 2010.</subfield>
  </datafield>
  <datafield tag="952" ind1=" " ind2=" ">
    <subfield code="0">0</subfield>
    <subfield code="1">0</subfield>
    <subfield code="2">ddc</subfield>
    <subfield code="5">6</subfield>
    <subfield code="7">0</subfield>
    <subfield code="8">SE</subfield>
    <subfield code="a">PD</subfield>
    <subfield code="b">PD</subfield>
    <subfield code="d">2015-07-17</subfield>
    <subfield code="e">4</subfield>
    <subfield code="h">A&#xF1;o.2: volumen 2</subfield>
    <subfield code="i">201512302015123020150717</subfield>
    <subfield code="l">0</subfield>
    <subfield code="p">37525</subfield>
    <subfield code="r">2020-08-08</subfield>
    <subfield code="t">e.1</subfield>
    <subfield code="w">2020-08-08</subfield>
    <subfield code="y">ISSUE</subfield>
    <subfield code="z">Edici&#xF3;n especial: 1er. concurso minificci&#xF3;n ciudad del Ozama 2010.</subfield>
  </datafield>
  <datafield tag="952" ind1=" " ind2=" ">
    <subfield code="0">0</subfield>
    <subfield code="1">0</subfield>
    <subfield code="2">ddc</subfield>
    <subfield code="5">6</subfield>
    <subfield code="7">0</subfield>
    <subfield code="8">SE</subfield>
    <subfield code="a">PD</subfield>
    <subfield code="b">PD</subfield>
    <subfield code="d">2015-07-17</subfield>
    <subfield code="h">A&#xF1;o.2: volumen 2</subfield>
    <subfield code="i">201512302015123020150717</subfield>
    <subfield code="l">0</subfield>
    <subfield code="p">37525-2</subfield>
    <subfield code="r">2020-08-08</subfield>
    <subfield code="t">e.2</subfield>
    <subfield code="w">2020-08-08</subfield>
    <subfield code="y">ISSUE</subfield>
    <subfield code="z">Edici&#xF3;n especial: 1er. concurso minificci&#xF3;n ciudad del Ozama 2010.</subfield>
  </datafield>
  <datafield tag="952" ind1=" " ind2=" ">
    <subfield code="0">0</subfield>
    <subfield code="1">0</subfield>
    <subfield code="2">ddc</subfield>
    <subfield code="5">6</subfield>
    <subfield code="7">0</subfield>
    <subfield code="8">SE</subfield>
    <subfield code="a">PD</subfield>
    <subfield code="b">PD</subfield>
    <subfield code="d">2015-07-10</subfield>
    <subfield code="h">A&#xF1;o.3: volumen 3</subfield>
    <subfield code="i">201612302016123020150710</subfield>
    <subfield code="l">0</subfield>
    <subfield code="p">37525-3</subfield>
    <subfield code="r">2020-08-08</subfield>
    <subfield code="t">e.3</subfield>
    <subfield code="w">2020-08-08</subfield>
    <subfield code="y">ISSUE</subfield>
    <subfield code="z">Edici&#xF3;n especial: 1er. concurso minificci&#xF3;n ciudad del Ozama 2010.</subfield>
  </datafield>
  <datafield tag="952" ind1=" " ind2=" ">
    <subfield code="0">0</subfield>
    <subfield code="1">0</subfield>
    <subfield code="2">ddc</subfield>
    <subfield code="5">6</subfield>
    <subfield code="7">0</subfield>
    <subfield code="8">SE</subfield>
    <subfield code="a">PD</subfield>
    <subfield code="b">PD</subfield>
    <subfield code="d">2015-07-17</subfield>
    <subfield code="e">4</subfield>
    <subfield code="h">A&#xF1;o.3: volumen 3</subfield>
    <subfield code="i">201612302016123020150717</subfield>
    <subfield code="l">0</subfield>
    <subfield code="p">37525-3. V:3-2</subfield>
    <subfield code="r">2020-08-08</subfield>
    <subfield code="t">e.3</subfield>
    <subfield code="w">2020-08-08</subfield>
    <subfield code="y">ISSUE</subfield>
    <subfield code="z">Edici&#xF3;n especial: 1er. concurso minificci&#xF3;n ciudad del Ozama 2010.</subfield>
  </datafield>
  <datafield tag="952" ind1=" " ind2=" ">
    <subfield code="0">0</subfield>
    <subfield code="1">0</subfield>
    <subfield code="2">ddc</subfield>
    <subfield code="5">6</subfield>
    <subfield code="7">0</subfield>
    <subfield code="8">SE</subfield>
    <subfield code="a">PD</subfield>
    <subfield code="b">PD</subfield>
    <subfield code="d">2015-05-14</subfield>
    <subfield code="h">volumen 5: (A&#xF1;o 2011)</subfield>
    <subfield code="i">201112302011123020150709</subfield>
    <subfield code="l">0</subfield>
    <subfield code="o"> </subfield>
    <subfield code="p">37525-5-2011-1</subfield>
    <subfield code="r">2020-08-08</subfield>
    <subfield code="t">e.1</subfield>
    <subfield code="w">2020-08-08</subfield>
    <subfield code="y">ISSUE</subfield>
    <subfield code="z">Edici&#xF3;n especial: 1er. concurso minificci&#xF3;n ciudad del Ozama 2010.</subfield>
  </datafield>
  <datafield tag="952" ind1=" " ind2=" ">
    <subfield code="0">0</subfield>
    <subfield code="1">0</subfield>
    <subfield code="2">ddc</subfield>
    <subfield code="5">6</subfield>
    <subfield code="7">0</subfield>
    <subfield code="8">SE</subfield>
    <subfield code="a">PD</subfield>
    <subfield code="b">PD</subfield>
    <subfield code="d">2015-07-09</subfield>
    <subfield code="h">volumen 5: Ej.2 (A&#xF1;o 2011)</subfield>
    <subfield code="i">201112302011123020150709</subfield>
    <subfield code="l">0</subfield>
    <subfield code="o"> </subfield>
    <subfield code="p">37525-5-2011-2</subfield>
    <subfield code="r">2020-08-08</subfield>
    <subfield code="t">e.2</subfield>
    <subfield code="w">2020-08-08</subfield>
    <subfield code="y">ISSUE</subfield>
    <subfield code="z">Edici&#xF3;n especial: 1er. concurso minificci&#xF3;n ciudad del Ozama 2010.</subfield>
  </datafield>
  <datafield tag="952" ind1=" " ind2=" ">
    <subfield code="0">0</subfield>
    <subfield code="1">0</subfield>
    <subfield code="2">ddc</subfield>
    <subfield code="5">6</subfield>
    <subfield code="7">0</subfield>
    <subfield code="8">SE</subfield>
    <subfield code="a">PD</subfield>
    <subfield code="b">PD</subfield>
    <subfield code="d">2015-07-09</subfield>
    <subfield code="h">volumen 6: (A&#xF1;o 2013)</subfield>
    <subfield code="i">201312302013123020150709</subfield>
    <subfield code="l">0</subfield>
    <subfield code="o"> </subfield>
    <subfield code="p">37525-6-2013-1</subfield>
    <subfield code="r">2020-08-08</subfield>
    <subfield code="t">e.1</subfield>
    <subfield code="w">2020-08-08</subfield>
    <subfield code="y">ISSUE</subfield>
    <subfield code="z">Edici&#xF3;n especial: 1er. concurso minificci&#xF3;n ciudad del Ozama 2010.</subfield>
  </datafield>
  <datafield tag="952" ind1=" " ind2=" ">
    <subfield code="0">0</subfield>
    <subfield code="1">0</subfield>
    <subfield code="2">ddc</subfield>
    <subfield code="5">6</subfield>
    <subfield code="7">0</subfield>
    <subfield code="8">SE</subfield>
    <subfield code="a">PD</subfield>
    <subfield code="b">PD</subfield>
    <subfield code="d">2015-07-09</subfield>
    <subfield code="h">volumen 7: (A&#xF1;o 2014)</subfield>
    <subfield code="i">201412302014123020150709</subfield>
    <subfield code="l">0</subfield>
    <subfield code="o"> </subfield>
    <subfield code="p">37525-7-2014-1</subfield>
    <subfield code="r">2020-08-08</subfield>
    <subfield code="t">e.1</subfield>
    <subfield code="w">2020-08-08</subfield>
    <subfield code="y">ISSUE</subfield>
    <subfield code="z">Edici&#xF3;n especial: 1er. concurso minificci&#xF3;n ciudad del Ozama 2010.</subfield>
  </datafield>
  <datafield tag="952" ind1=" " ind2=" ">
    <subfield code="0">0</subfield>
    <subfield code="1">0</subfield>
    <subfield code="2">ddc</subfield>
    <subfield code="5">6</subfield>
    <subfield code="7">0</subfield>
    <subfield code="8">SE</subfield>
    <subfield code="a">PD</subfield>
    <subfield code="b">PD</subfield>
    <subfield code="d">2015-07-09</subfield>
    <subfield code="h">volumen 7: Ej.2 (A&#xF1;o 2014)</subfield>
    <subfield code="i">201412302014123020150709</subfield>
    <subfield code="l">0</subfield>
    <subfield code="o"> </subfield>
    <subfield code="p">37525-7-2014-2</subfield>
    <subfield code="r">2020-08-08</subfield>
    <subfield code="t">e.2</subfield>
    <subfield code="w">2020-08-08</subfield>
    <subfield code="y">ISSUE</subfield>
    <subfield code="z">Edici&#xF3;n especial: 1er. concurso minificci&#xF3;n ciudad del Ozama 2010.</subfield>
  </datafield>
  <datafield tag="952" ind1=" " ind2=" ">
    <subfield code="0">0</subfield>
    <subfield code="1">0</subfield>
    <subfield code="2">ddc</subfield>
    <subfield code="5">6</subfield>
    <subfield code="7">0</subfield>
    <subfield code="8">SE</subfield>
    <subfield code="a">PD</subfield>
    <subfield code="b">PD</subfield>
    <subfield code="d">2015-07-17</subfield>
    <subfield code="h">volumen 4 (A&#xF1;o 2009)</subfield>
    <subfield code="i">202901302009013020150717</subfield>
    <subfield code="l">0</subfield>
    <subfield code="p">37525-V:4-1</subfield>
    <subfield code="r">2020-08-08</subfield>
    <subfield code="t">e.1</subfield>
    <subfield code="w">2020-08-08</subfield>
    <subfield code="y">ISSUE</subfield>
    <subfield code="z">Edici&#xF3;n especial: 1er. concurso minificci&#xF3;n ciudad del Ozama 2010.</subfield>
  </datafield>
  <datafield tag="952" ind1=" " ind2=" ">
    <subfield code="0">0</subfield>
    <subfield code="1">0</subfield>
    <subfield code="2">ddc</subfield>
    <subfield code="5">6</subfield>
    <subfield code="7">0</subfield>
    <subfield code="8">SE</subfield>
    <subfield code="a">PD</subfield>
    <subfield code="b">PD</subfield>
    <subfield code="d">2015-07-17</subfield>
    <subfield code="h">volumen 6: Ej.3 (A&#xF1;o 2013)</subfield>
    <subfield code="i">201312302013123020150717</subfield>
    <subfield code="l">0</subfield>
    <subfield code="o"> </subfield>
    <subfield code="p">37525.V6-3</subfield>
    <subfield code="r">2020-08-08</subfield>
    <subfield code="t">e.3</subfield>
    <subfield code="w">2020-08-08</subfield>
    <subfield code="y">ISSUE</subfield>
    <subfield code="z">Edici&#xF3;n especial: 1er. concurso minificci&#xF3;n ciudad del Ozama 2010.</subfield>
  </datafield>
  <datafield tag="952" ind1=" " ind2=" ">
    <subfield code="0">0</subfield>
    <subfield code="1">0</subfield>
    <subfield code="2">ddc</subfield>
    <subfield code="5">6</subfield>
    <subfield code="7">0</subfield>
    <subfield code="8">SE</subfield>
    <subfield code="a">PD</subfield>
    <subfield code="b">PD</subfield>
    <subfield code="d">2015-07-17</subfield>
    <subfield code="h">volumen 4. Ej.2 (A&#xF1;o 2009)</subfield>
    <subfield code="i">200901302009013020150717</subfield>
    <subfield code="l">0</subfield>
    <subfield code="p">37525.V:4-2</subfield>
    <subfield code="r">2020-08-08</subfield>
    <subfield code="t">e.2</subfield>
    <subfield code="w">2020-08-08</subfield>
    <subfield code="y">ISSUE</subfield>
    <subfield code="z">Edici&#xF3;n especial: 1er. concurso minificci&#xF3;n ciudad del Ozama 2010.</subfield>
  </datafield>
  <datafield tag="952" ind1=" " ind2=" ">
    <subfield code="0">0</subfield>
    <subfield code="1">0</subfield>
    <subfield code="2">ddc</subfield>
    <subfield code="5">6</subfield>
    <subfield code="7">0</subfield>
    <subfield code="8">SE</subfield>
    <subfield code="a">PD</subfield>
    <subfield code="b">PD</subfield>
    <subfield code="d">2015-07-17</subfield>
    <subfield code="h">volumen 4. Ej.3 (A&#xF1;o 2009)</subfield>
    <subfield code="i">200901302009013020150717</subfield>
    <subfield code="l">0</subfield>
    <subfield code="p">37525.V:4-3</subfield>
    <subfield code="r">2020-08-08</subfield>
    <subfield code="t">e.3</subfield>
    <subfield code="w">2020-08-08</subfield>
    <subfield code="y">ISSUE</subfield>
    <subfield code="z">Edici&#xF3;n especial: 1er. concurso minificci&#xF3;n ciudad del Ozama 2010.</subfield>
  </datafield>
  <datafield tag="952" ind1=" " ind2=" ">
    <subfield code="0">0</subfield>
    <subfield code="1">0</subfield>
    <subfield code="2">ddc</subfield>
    <subfield code="5">6</subfield>
    <subfield code="7">0</subfield>
    <subfield code="8">SE</subfield>
    <subfield code="a">PD</subfield>
    <subfield code="b">PD</subfield>
    <subfield code="d">2015-07-17</subfield>
    <subfield code="h">volumen 4 (A&#xF1;o 2009)</subfield>
    <subfield code="i">200901302009013020150717</subfield>
    <subfield code="l">0</subfield>
    <subfield code="p">37525.V:4-4</subfield>
    <subfield code="r">2020-08-08</subfield>
    <subfield code="t">e.4</subfield>
    <subfield code="w">2020-08-08</subfield>
    <subfield code="y">ISSUE</subfield>
    <subfield code="z">Edici&#xF3;n especial: 1er. concurso minificci&#xF3;n ciudad del Ozama 2010.</subfield>
  </datafield>
  <datafield tag="952" ind1=" " ind2=" ">
    <subfield code="0">0</subfield>
    <subfield code="1">0</subfield>
    <subfield code="2">ddc</subfield>
    <subfield code="5">6</subfield>
    <subfield code="7">0</subfield>
    <subfield code="8">SE</subfield>
    <subfield code="a">PD</subfield>
    <subfield code="b">PD</subfield>
    <subfield code="d">2015-07-17</subfield>
    <subfield code="h">volumen 6: Ej.2 (A&#xF1;o 2013)</subfield>
    <subfield code="i">201312302013123020150717</subfield>
    <subfield code="l">0</subfield>
    <subfield code="o"> </subfield>
    <subfield code="p">37525.V:6-2</subfield>
    <subfield code="r">2020-08-08</subfield>
    <subfield code="t">e.2</subfield>
    <subfield code="w">2020-08-08</subfield>
    <subfield code="y">ISSUE</subfield>
    <subfield code="z">Edici&#xF3;n especial: 1er. concurso minificci&#xF3;n ciudad del Ozama 2010.</subfield>
  </datafield>
  <datafield tag="952" ind1=" " ind2=" ">
    <subfield code="0">0</subfield>
    <subfield code="1">0</subfield>
    <subfield code="2">ddc</subfield>
    <subfield code="5">6</subfield>
    <subfield code="7">0</subfield>
    <subfield code="8">SE</subfield>
    <subfield code="a">PD</subfield>
    <subfield code="b">PD</subfield>
    <subfield code="d">2015-07-17</subfield>
    <subfield code="h">volumen 6: (A&#xF1;o 2013)</subfield>
    <subfield code="i">201312302013123020150717</subfield>
    <subfield code="l">0</subfield>
    <subfield code="o"> </subfield>
    <subfield code="p">37525. V:6-4</subfield>
    <subfield code="r">2020-08-08</subfield>
    <subfield code="t">e.4</subfield>
    <subfield code="w">2020-08-08</subfield>
    <subfield code="y">ISSUE</subfield>
    <subfield code="z">Edici&#xF3;n especial: 1er. concurso minificci&#xF3;n ciudad del Ozama 2010.</subfield>
  </datafield>
  <datafield tag="952" ind1=" " ind2=" ">
    <subfield code="0">0</subfield>
    <subfield code="1">0</subfield>
    <subfield code="2">ddc</subfield>
    <subfield code="5">6</subfield>
    <subfield code="7">0</subfield>
    <subfield code="8">SE</subfield>
    <subfield code="a">BNPHU</subfield>
    <subfield code="b">BNPHU</subfield>
    <subfield code="d">2025-06-24</subfield>
    <subfield code="h">A&#xF1;o.1: volumen 1</subfield>
    <subfield code="l">0</subfield>
    <subfield code="p">2025-5479</subfield>
    <subfield code="r">2025-06-24</subfield>
    <subfield code="t">e.2</subfield>
    <subfield code="w">2025-06-24</subfield>
    <subfield code="y">ISSUE</subfield>
  </datafield>
  <datafield tag="952" ind1=" " ind2=" ">
    <subfield code="0">0</subfield>
    <subfield code="1">0</subfield>
    <subfield code="2">ddc</subfield>
    <subfield code="5">6</subfield>
    <subfield code="7">0</subfield>
    <subfield code="8">SE</subfield>
    <subfield code="a">BNPHU</subfield>
    <subfield code="b">BNPHU</subfield>
    <subfield code="d">2025-06-24</subfield>
    <subfield code="h">A&#xF1;o 2015. Volumen 8</subfield>
    <subfield code="l">0</subfield>
    <subfield code="p">2025-5480</subfield>
    <subfield code="r">2025-06-24</subfield>
    <subfield code="t">e.1</subfield>
    <subfield code="w">2025-06-24</subfield>
    <subfield code="y">ISSUE</subfield>
  </datafield>
  <datafield tag="952" ind1=" " ind2=" ">
    <subfield code="0">0</subfield>
    <subfield code="1">0</subfield>
    <subfield code="2">ddc</subfield>
    <subfield code="5">6</subfield>
    <subfield code="7">0</subfield>
    <subfield code="8">SE</subfield>
    <subfield code="a">BNPHU</subfield>
    <subfield code="b">BNPHU</subfield>
    <subfield code="d">2025-06-24</subfield>
    <subfield code="h">A&#xF1;o 2015. Volumen 8</subfield>
    <subfield code="l">0</subfield>
    <subfield code="p">2025-5481</subfield>
    <subfield code="r">2025-06-24</subfield>
    <subfield code="t">e.2</subfield>
    <subfield code="w">2025-06-24</subfield>
    <subfield code="y">ISSUE</subfield>
  </datafield>
  <datafield tag="952" ind1=" " ind2=" ">
    <subfield code="0">0</subfield>
    <subfield code="1">0</subfield>
    <subfield code="2">ddc</subfield>
    <subfield code="5">6</subfield>
    <subfield code="7">0</subfield>
    <subfield code="8">SE</subfield>
    <subfield code="a">BNPHU</subfield>
    <subfield code="b">BNPHU</subfield>
    <subfield code="d">2025-06-24</subfield>
    <subfield code="h">A&#xF1;o 2015. Volumen 8</subfield>
    <subfield code="l">0</subfield>
    <subfield code="p">2025-5482</subfield>
    <subfield code="r">2025-06-24</subfield>
    <subfield code="t">e.3</subfield>
    <subfield code="w">2025-06-24</subfield>
    <subfield code="y">ISSUE</subfield>
  </datafield>
  <datafield tag="952" ind1=" " ind2=" ">
    <subfield code="0">0</subfield>
    <subfield code="1">0</subfield>
    <subfield code="2">ddc</subfield>
    <subfield code="5">6</subfield>
    <subfield code="7">0</subfield>
    <subfield code="8">SE</subfield>
    <subfield code="a">BNPHU</subfield>
    <subfield code="b">BNPHU</subfield>
    <subfield code="d">2025-06-24</subfield>
    <subfield code="h">A&#xF1;o 2016. Volumen 9</subfield>
    <subfield code="l">0</subfield>
    <subfield code="p">2025-5483</subfield>
    <subfield code="r">2025-06-24</subfield>
    <subfield code="t">e.1</subfield>
    <subfield code="w">2025-06-24</subfield>
    <subfield code="y">ISSUE</subfield>
  </datafield>
  <datafield tag="952" ind1=" " ind2=" ">
    <subfield code="0">0</subfield>
    <subfield code="1">0</subfield>
    <subfield code="2">ddc</subfield>
    <subfield code="5">6</subfield>
    <subfield code="7">0</subfield>
    <subfield code="8">SE</subfield>
    <subfield code="a">BNPHU</subfield>
    <subfield code="b">BNPHU</subfield>
    <subfield code="d">2025-06-24</subfield>
    <subfield code="h">A&#xF1;o 2017. Volumen 10</subfield>
    <subfield code="l">0</subfield>
    <subfield code="p">2025-5484</subfield>
    <subfield code="r">2025-06-24</subfield>
    <subfield code="t">e.1</subfield>
    <subfield code="w">2025-06-24</subfield>
    <subfield code="y">ISSUE</subfield>
  </datafield>
  <datafield tag="952" ind1=" " ind2=" ">
    <subfield code="0">0</subfield>
    <subfield code="1">0</subfield>
    <subfield code="2">ddc</subfield>
    <subfield code="5">6</subfield>
    <subfield code="7">0</subfield>
    <subfield code="8">SE</subfield>
    <subfield code="a">BNPHU</subfield>
    <subfield code="b">BNPHU</subfield>
    <subfield code="d">2025-06-24</subfield>
    <subfield code="h">A&#xF1;o 2017. Volumen 10</subfield>
    <subfield code="l">0</subfield>
    <subfield code="p">2025-5485</subfield>
    <subfield code="r">2025-06-24</subfield>
    <subfield code="t">e.2</subfield>
    <subfield code="w">2025-06-24</subfield>
    <subfield code="y">ISSUE</subfield>
  </datafield>
  <datafield tag="952" ind1=" " ind2=" ">
    <subfield code="0">0</subfield>
    <subfield code="1">0</subfield>
    <subfield code="2">ddc</subfield>
    <subfield code="5">6</subfield>
    <subfield code="7">0</subfield>
    <subfield code="8">SE</subfield>
    <subfield code="a">BNPHU</subfield>
    <subfield code="b">BNPHU</subfield>
    <subfield code="d">2025-06-24</subfield>
    <subfield code="h">A&#xF1;o 2017. Volumen 10</subfield>
    <subfield code="l">0</subfield>
    <subfield code="p">2025-5486</subfield>
    <subfield code="r">2025-06-24</subfield>
    <subfield code="t">e.3</subfield>
    <subfield code="w">2025-06-24</subfield>
    <subfield code="y">ISSUE</subfield>
  </datafield>
  <datafield tag="952" ind1=" " ind2=" ">
    <subfield code="0">0</subfield>
    <subfield code="1">0</subfield>
    <subfield code="2">ddc</subfield>
    <subfield code="5">6</subfield>
    <subfield code="7">0</subfield>
    <subfield code="8">SE</subfield>
    <subfield code="a">BNPHU</subfield>
    <subfield code="b">BNPHU</subfield>
    <subfield code="d">2025-06-24</subfield>
    <subfield code="h">A&#xF1;o 2017. Volumen 10</subfield>
    <subfield code="l">0</subfield>
    <subfield code="p">2025-5487</subfield>
    <subfield code="r">2025-06-24</subfield>
    <subfield code="t">e.4</subfield>
    <subfield code="w">2025-06-24</subfield>
    <subfield code="y">ISSUE</subfield>
  </datafield>
  <datafield tag="952" ind1=" " ind2=" ">
    <subfield code="0">0</subfield>
    <subfield code="1">0</subfield>
    <subfield code="2">ddc</subfield>
    <subfield code="5">6</subfield>
    <subfield code="7">0</subfield>
    <subfield code="8">SE</subfield>
    <subfield code="a">BNPHU</subfield>
    <subfield code="b">BNPHU</subfield>
    <subfield code="d">2025-06-24</subfield>
    <subfield code="h">A&#xF1;o 2018. Volumen 11</subfield>
    <subfield code="l">0</subfield>
    <subfield code="p">2025-5493</subfield>
    <subfield code="r">2025-06-24</subfield>
    <subfield code="t">e.1</subfield>
    <subfield code="w">2025-06-24</subfield>
    <subfield code="y">ISSUE</subfield>
  </datafield>
  <datafield tag="952" ind1=" " ind2=" ">
    <subfield code="0">0</subfield>
    <subfield code="1">0</subfield>
    <subfield code="2">ddc</subfield>
    <subfield code="5">6</subfield>
    <subfield code="7">0</subfield>
    <subfield code="8">SE</subfield>
    <subfield code="a">BNPHU</subfield>
    <subfield code="b">BNPHU</subfield>
    <subfield code="d">2025-06-24</subfield>
    <subfield code="h">A&#xF1;o 2019. Volumen 12</subfield>
    <subfield code="l">0</subfield>
    <subfield code="p">2025-5490</subfield>
    <subfield code="r">2025-06-24</subfield>
    <subfield code="t">e.1</subfield>
    <subfield code="w">2025-06-24</subfield>
    <subfield code="y">ISSUE</subfield>
  </datafield>
  <datafield tag="952" ind1=" " ind2=" ">
    <subfield code="0">0</subfield>
    <subfield code="1">0</subfield>
    <subfield code="2">ddc</subfield>
    <subfield code="5">6</subfield>
    <subfield code="7">0</subfield>
    <subfield code="8">SE</subfield>
    <subfield code="a">BNPHU</subfield>
    <subfield code="b">BNPHU</subfield>
    <subfield code="d">2025-06-24</subfield>
    <subfield code="h">A&#xF1;o 2019. Volumen 12</subfield>
    <subfield code="l">0</subfield>
    <subfield code="p">2025-5491</subfield>
    <subfield code="r">2025-06-24</subfield>
    <subfield code="t">e.2</subfield>
    <subfield code="w">2025-06-24</subfield>
    <subfield code="y">ISSUE</subfield>
  </datafield>
  <datafield tag="952" ind1=" " ind2=" ">
    <subfield code="0">0</subfield>
    <subfield code="1">0</subfield>
    <subfield code="2">ddc</subfield>
    <subfield code="5">6</subfield>
    <subfield code="7">0</subfield>
    <subfield code="8">SE</subfield>
    <subfield code="a">BNPHU</subfield>
    <subfield code="b">BNPHU</subfield>
    <subfield code="d">2025-06-24</subfield>
    <subfield code="h">volumen 5: (A&#xF1;o 2011)</subfield>
    <subfield code="l">0</subfield>
    <subfield code="p">2025-5494</subfield>
    <subfield code="r">2025-06-24</subfield>
    <subfield code="t">e.3</subfield>
    <subfield code="w">2025-06-24</subfield>
    <subfield code="y">ISSUE</subfield>
  </datafield>
  <datafield tag="952" ind1=" " ind2=" ">
    <subfield code="0">0</subfield>
    <subfield code="1">0</subfield>
    <subfield code="2">ddc</subfield>
    <subfield code="5">6</subfield>
    <subfield code="7">0</subfield>
    <subfield code="8">SE</subfield>
    <subfield code="a">BNPHU</subfield>
    <subfield code="b">BNPHU</subfield>
    <subfield code="d">2025-06-24</subfield>
    <subfield code="h">volumen 5: (A&#xF1;o 2011)</subfield>
    <subfield code="l">0</subfield>
    <subfield code="p">2025-5495</subfield>
    <subfield code="r">2025-06-24</subfield>
    <subfield code="t">e.4</subfield>
    <subfield code="w">2025-06-24</subfield>
    <subfield code="y">ISSUE</subfield>
  </datafield>
  <datafield tag="952" ind1=" " ind2=" ">
    <subfield code="0">0</subfield>
    <subfield code="1">0</subfield>
    <subfield code="2">ddc</subfield>
    <subfield code="5">6</subfield>
    <subfield code="7">0</subfield>
    <subfield code="8">SE</subfield>
    <subfield code="a">BNPHU</subfield>
    <subfield code="b">BNPHU</subfield>
    <subfield code="d">2025-06-24</subfield>
    <subfield code="h">Volumen 7: (2014)</subfield>
    <subfield code="l">0</subfield>
    <subfield code="p">2025-5496</subfield>
    <subfield code="r">2025-06-24</subfield>
    <subfield code="t">e.3</subfield>
    <subfield code="w">2025-06-24</subfield>
    <subfield code="y">ISSUE</subfield>
  </datafield>
  <datafield tag="952" ind1=" " ind2=" ">
    <subfield code="0">0</subfield>
    <subfield code="1">0</subfield>
    <subfield code="2">ddc</subfield>
    <subfield code="5">6</subfield>
    <subfield code="7">0</subfield>
    <subfield code="8">SE</subfield>
    <subfield code="a">BNPHU</subfield>
    <subfield code="b">BNPHU</subfield>
    <subfield code="d">2025-06-24</subfield>
    <subfield code="h">Volumen 7: (2014)</subfield>
    <subfield code="l">0</subfield>
    <subfield code="p">2025-5497</subfield>
    <subfield code="r">2025-06-24</subfield>
    <subfield code="t">e.4</subfield>
    <subfield code="w">2025-06-24</subfield>
    <subfield code="y">ISSUE</subfield>
  </datafield>
  <datafield tag="952" ind1=" " ind2=" ">
    <subfield code="0">0</subfield>
    <subfield code="1">0</subfield>
    <subfield code="2">ddc</subfield>
    <subfield code="5">6</subfield>
    <subfield code="7">0</subfield>
    <subfield code="8">SE</subfield>
    <subfield code="a">BNPHU</subfield>
    <subfield code="b">BNPHU</subfield>
    <subfield code="d">2025-07-18</subfield>
    <subfield code="h">A&#xF1;o 2018. Volumen 11</subfield>
    <subfield code="l">0</subfield>
    <subfield code="p">2025-6761</subfield>
    <subfield code="r">2025-07-18</subfield>
    <subfield code="t">e.2</subfield>
    <subfield code="w">2025-07-18</subfield>
    <subfield code="y">ISSUE</subfield>
  </datafield>
  <datafield tag="952" ind1=" " ind2=" ">
    <subfield code="0">0</subfield>
    <subfield code="1">0</subfield>
    <subfield code="2">ddc</subfield>
    <subfield code="5">6</subfield>
    <subfield code="7">0</subfield>
    <subfield code="8">SE</subfield>
    <subfield code="a">BNPHU</subfield>
    <subfield code="b">BNPHU</subfield>
    <subfield code="d">2025-07-18</subfield>
    <subfield code="h">A&#xF1;o 2018. Volumen 11</subfield>
    <subfield code="l">0</subfield>
    <subfield code="p">2025-6762</subfield>
    <subfield code="r">2025-07-18</subfield>
    <subfield code="t">e.3</subfield>
    <subfield code="w">2025-07-18</subfield>
    <subfield code="y">ISSUE</subfield>
  </datafield>
  <datafield tag="952" ind1=" " ind2=" ">
    <subfield code="0">0</subfield>
    <subfield code="1">0</subfield>
    <subfield code="2">ddc</subfield>
    <subfield code="5">6</subfield>
    <subfield code="7">0</subfield>
    <subfield code="8">SE</subfield>
    <subfield code="a">BNPHU</subfield>
    <subfield code="b">BNPHU</subfield>
    <subfield code="d">2025-07-18</subfield>
    <subfield code="h">A&#xF1;o 2019. Volumen 12</subfield>
    <subfield code="l">0</subfield>
    <subfield code="p">2025-6763</subfield>
    <subfield code="r">2025-07-18</subfield>
    <subfield code="t">e.3</subfield>
    <subfield code="w">2025-07-18</subfield>
    <subfield code="y">ISSUE</subfield>
  </datafield>
  <datafield tag="952" ind1=" " ind2=" ">
    <subfield code="0">0</subfield>
    <subfield code="1">0</subfield>
    <subfield code="2">ddc</subfield>
    <subfield code="5">6</subfield>
    <subfield code="7">0</subfield>
    <subfield code="8">SE</subfield>
    <subfield code="a">BNPHU</subfield>
    <subfield code="b">BNPHU</subfield>
    <subfield code="d">2025-07-18</subfield>
    <subfield code="h">A&#xF1;o.1: volumen 1</subfield>
    <subfield code="l">0</subfield>
    <subfield code="p">2025-6796</subfield>
    <subfield code="r">2025-07-18</subfield>
    <subfield code="t">e.3</subfield>
    <subfield code="w">2025-07-18</subfield>
    <subfield code="y">ISSUE</subfield>
  </datafield>
  <datafield tag="952" ind1=" " ind2=" ">
    <subfield code="0">0</subfield>
    <subfield code="1">0</subfield>
    <subfield code="2">ddc</subfield>
    <subfield code="5">6</subfield>
    <subfield code="7">0</subfield>
    <subfield code="8">SE</subfield>
    <subfield code="a">BNPHU</subfield>
    <subfield code="b">BNPHU</subfield>
    <subfield code="d">2025-07-18</subfield>
    <subfield code="h">A&#xF1;o.3: volumen 3</subfield>
    <subfield code="l">0</subfield>
    <subfield code="p">2025-6797</subfield>
    <subfield code="r">2025-07-18</subfield>
    <subfield code="t">e.1</subfield>
    <subfield code="w">2025-07-18</subfield>
    <subfield code="y">ISSUE</subfield>
  </datafield>
  <datafield tag="952" ind1=" " ind2=" ">
    <subfield code="0">0</subfield>
    <subfield code="1">0</subfield>
    <subfield code="2">ddc</subfield>
    <subfield code="5">6</subfield>
    <subfield code="7">0</subfield>
    <subfield code="8">SE</subfield>
    <subfield code="a">BNPHU</subfield>
    <subfield code="b">BNPHU</subfield>
    <subfield code="d">2025-07-18</subfield>
    <subfield code="h">volumen 4 (A&#xF1;o 2009)</subfield>
    <subfield code="l">0</subfield>
    <subfield code="p">2025-6798</subfield>
    <subfield code="r">2025-07-18</subfield>
    <subfield code="t">e.5</subfield>
    <subfield code="w">2025-07-18</subfield>
    <subfield code="y">ISSUE</subfield>
  </datafield>
  <datafield tag="999" ind1=" " ind2=" ">
    <subfield code="c">37015</subfield>
    <subfield code="d">37015</subfield>
  </datafield>
</record>
